[Event "WSTCC-50 2020"]
[Site "Prague"]
[Date "2020.03.12"]
[Round "7.26"]
[White "Hebden, Mark L"]
[Black "Farrell, Neil"]
[Result "1-0"]
[WhiteElo "2444"]
[BlackElo "2183"]
[Annotator "TA"]
[PlyCount "85"]
[EventDate "2020.03.06"]
[EventType "team-tourn"]
[EventCountry "CZE"]
[SourceTitle "playchess.com"]
[Source "ChessBase"]
[SourceQuality "1"]

{[%evp 15,85,7,10,14,20,10,23,18,5,12,37,36,70,77,114,69,61,17,48,45,69,70,133,143,143,133,141,108,98,112,111,98,105,79,96,101,132,138,175,115,159,141,156,164,164,158,210,217,216,212,212,191,356,359,319,341,469,469,393,267,224,219,331,185,487,475,650,659,1232,1156,29992,29993]} 1. d4 e6 2. Nf3 Nf6 3. Bg5 c5 4. e3 h6 5. Bh4 Nc6 6. c3 d5 7. Nbd2 Be7 8. Bd3 b6 {is now more promising than 8...0-0.} 9. Ne5 {D03: 1 d4 d5 2 Nf3 Nf6 3 Bg5, including Torre Attack with early ...d5.} Nxe5 10. dxe5 Nd7 11. Bxe7 {White has an edge.} Qxe7 12. f4 O-O 13. Qh5 c4 14. Bc2 $1 {[#]} Nc5 $146 ({Predecessor:} 14... Qc5 15. Ke2 Qb5 16. Rab1 Nc5 17. g4 Nd3 18. g5 g6 19. Qxh6 Bb7 20. Rhg1 d4 21. Rg4 dxe3 22. Rf1 Qd5 23. Kxe3 Nxf4 24. Rfxf4 Qc5+ 25. Ke2 Qxe5+ 26. Be4 {1-0 (26) Landero Luna,V (2272)-Bonay Toscas,S (2149) ICCF email 2019}) 15. Nf3 Bd7 16. Nd4 Be8 17. O-O f5 18. Qe2 Qh4 ({Black should play} 18... g6 $14) 19. b4 $16 cxb3 20. axb3 Bh5 21. Qe1 Qe7 22. b4 Ne4 23. Bxe4 dxe4 24. Ra3 Rfc8 25. Qa1 Rc7 26. Qa2 Bf7 27. Ra1 (27. Nb5 $18) 27... a5 28. bxa5 Rxa5 29. Rxa5 bxa5 30. Qxa5 Rc5 (30... Rc8 $16 {keeps fighting.} 31. Qb4 Qc7) 31. Qb4 $18 Qc7 32. Ra3 Rc4 33. Qb2 ({Don't do} 33. Ra8+ $6 Kh7 $16) 33... Qc5 $2 {[#]} (33... Qd8 {was necessary.} 34. Ra7 Rc7) 34. h3 Kh7 35. Kh2 Qc7 36. Rb3 Bg8 37. Qa1 Qc5 38. Qa3 Qc7 (38... Qxa3 $142 39. Rxa3 Rc8) 39. Nb5 (39. Qd6 $142) 39... Qd8 $2 (39... Qb6) 40. Nd6 Rc6 41. Rb7 {[#] Threatens to win with Qa7.} Kh8 42. c4 Qh4 43. Ne8 {Accuracy: White = 67%, Black = 36%.} 1-0

[Event "WSTCC-50 2020"]
[Site "Prague"]
[Date "2020.03.12"]
[Round "7.27"]
[White "Grant, Jonathan I M"]
[Black "Flear, Glenn C"]
[Result "0-1"]
[WhiteElo "2166"]
[BlackElo "2420"]
[Annotator "TA"]
[PlyCount "76"]
[EventDate "2020.03.06"]
[EventType "team-tourn"]
[EventCountry "CZE"]
[SourceTitle "playchess.com"]
[Source "ChessBase"]
[SourceQuality "1"]

{[%evp 9,76,7,13,0,11,-2,20,14,18,5,14,-66,-75,-74,-50,-62,0,13,72,0,0,0,0,0,98,92,61,-53,-37,-83,-81,-87,-74,-103,-101,-106,-96,-125,-116,-115,-108,-127,-110,-100,-69,-124,-120,-120,-83,-86,-59,-121,-24,-43,-56,-67,-108,-284,-302,-360,-356,-332,-264,-228,-235,-375,-362,-887,-863]} 1. c4 e6 2. Nf3 d5 3. e3 Nf6 4. Nc3 a6 5. b3 {[%cal Bb2b3,Bb3c4][%mdl 32]} Bd6 6. Bb2 {A17: English Opening: 1...Nf6 with ...Bb4.} O-O 7. Be2 {[#]} dxc4 $146 ({Predecessor:} 7... c5 8. cxd5 exd5 9. d4 cxd4 10. Nxd4 Nc6 11. Nxc6 bxc6 12. Rc1 Qe7 13. Bf3 Rb8 {½-½ (58) Papin,V (2483)-Sukandar,I (2393) Adelaide 2018}) 8. bxc4 {The position is equal.} b6 9. Qc2 Bb7 10. g4 (10. d4 $11) 10... Nxg4 $15 11. Ne4 f5 12. Neg5 $1 {[%cal Rg5e6]} Qe7 (12... Qc8 $15 13. c5 bxc5) 13. Rg1 $1 $11 Nf6 {[#]} (13... h6 $11 14. Rxg4 Bxf3 15. Bxf3 hxg5) 14. Nd4 (14. c5 $1 $16 {[%cal Rc5d6][%mdl 512]} bxc5 15. Bc4) 14... Bxh2 15. O-O-O $1 Bxg1 16. Rxg1 Nbd7 (16... Bc8 $11 {remains equal.} 17. c5 b5) 17. Ngxe6 $16 g6 18. Nxf8 ({White should try} 18. Nxc7 $14 Kh8 19. Nxa8 Rxa8 20. Qc3) 18... Kxf8 $15 19. d3 Re8 20. Qc3 Qd6 21. Bf3 Bxf3 22. Nxf3 Ke7 23. Ba3 {[#]} c5 $1 24. d4 Ne4 25. Qc2 Kf7 26. Rd1 Qc7 27. Bb2 (27. Kb1 $15) 27... cxd4 $17 28. Rxd4 Ndc5 29. Rd5 Rd8 {And now ...Rxd5 would win.} 30. Ne5+ {[#]} ({White should play} 30. Qd1 $15 Ke7 31. Ne5) 30... Ke6 ({Better is} 30... Ke8 $1 $17 {White must now prevent ...Rxd5.} 31. Kb1 Rd6) 31. f3 Nf6 32. Rxd8 Qxd8 33. Nc6 $2 {Now White is beyond hope.} (33. Qh2 $17) 33... Qd3 $19 {aiming for ...Qf1+.} 34. Nd4+ Kf7 35. Qc3 Qxc3+ 36. Bxc3 h5 37. Ne2 (37. Kd2 $142) 37... Ne8 38. Be5 $2 (38. Kd1) 38... Nd3+ {[%mdl 64] Double Attack. Accuracy: White = 52%, Black = 69%.} 0-1

[Event "WSTCC-50 2020"]
[Site "Prague"]
[Date "2020.03.12"]
[Round "7.28"]
[White "McDonald, Neil"]
[Black "Burnett, Andrew"]
[Result "1/2-1/2"]
[WhiteElo "2410"]
[BlackElo "2138"]
[Annotator "TA"]
[PlyCount "172"]
[EventDate "2020.03.06"]
[EventType "team-tourn"]
[EventCountry "CZE"]
[SourceTitle "playchess.com"]
[Source "ChessBase"]
[SourceQuality "1"]

{[%evp 9,172,46,45,37,30,33,85,0,331,328,289,190,295,303,400,389,365,303,478,293,268,262,590,396,379,377,369,379,356,336,326,343,342,341,377,384,377,339,339,333,333,339,315,263,265,260,264,257,266,248,245,247,230,236,244,236,243,210,207,196,215,216,206,189,210,203,210,212,218,219,238,184,204,195,222,223,241,233,240,235,259,259,251,245,266,259,259,259,252,244,244,244,244,229,255,329,389,359,400,333,478,452,524,527,520,514,514,512,507,495,452,214,552,499,512,214,346,229,391,516,1755,1505,1395,377,1747,204,1787,1647,12841,12842,12845,0,0,0,0,0,0,0,0,0,0,0,0,0,0,0,0,0,0,0,0,0,0,0,0,0,0,0,0,0,0,0,0,0,0]} 1. e4 g6 2. d4 Bg7 3. Nc3 d6 4. f4 a6 5. Nf3 Nd7 6. Bc4 {B06: Modern Defence.} e6 7. f5 Nb6 (7... exf5 $14 8. exf5 Nb6 9. fxg6 (9. Bg5 f6 $11) 9... hxg6) 8. Bb3 {[#]} (8. fxg6 $16 Nxc4 9. gxf7+ Kxf7 10. Ng5+ Ke8 11. Qh5+ Kd7 12. Rf1 Bxd4 {[#]} 13. Nxe6 $1 {[%mdl 512]} Bxc3+ 14. bxc3) 8... c5 $146 {[%mdl 8192]} (8... exf5 $11 9. O-O Ne7) ({Predecessor:} 8... exf5 9. O-O Ne7 10. Bg5 O-O 11. Qe1 h6 12. Qh4 Re8 13. Bxh6 d5 14. e5 Nd7 15. Ng5 Bxh6 16. Qxh6 Nf8 17. Rf4 {1-0 (17) Harika,D (2539)-Tan,Z (2502) Teheran 2017}) 9. dxc5 $18 dxc5 10. Qxd8+ Kxd8 11. Be3 exf5 12. O-O-O+ Nd7 13. exf5 ({Don't play} 13. Bxf7 Bxc3 14. bxc3 Ke7 $18) 13... Bh6 (13... Kc7 $142 14. Rhe1 gxf5 15. Bxf7 Ngf6) 14. Bxh6 Nxh6 15. Ne5 {Black must now prevent Be6!} Rf8 $2 (15... Kc7 {is more resistant.}) 16. Rxd7+ {[%mdl 64] [#] Clearance} Bxd7 17. Rd1 Re8 18. Nxd7 Kc7 19. fxg6 hxg6 20. Nxc5 Rad8 21. Rf1 Re5 22. Nd3 Rg5 23. g3 Rh5 24. h4 Rf5 25. Nf4 Kb8 26. Re1 g5 27. hxg5 Rxg5 28. Ne4 Re5 29. Nd3 Re7 30. Rh1 Nf5 31. g4 Nd4 32. Ng3 Rc7 33. Kd1 Rg8 34. Nf5 Nxb3 35. axb3 ({Resist} 35. cxb3 $6 Rd7 $16) 35... Rxg4 36. Rh2 Rg1+ 37. Kd2 Rf1 38. Ne3 Rf3 39. Ne5 Rf4 40. N3c4 f6 41. Nd3 Rg4 42. Rf2 Rg6 43. Nb6 Rcg7 44. Nd5 Rg2 45. Nxf6 Rxf2+ 46. Nxf2 Rg1 47. c4 Rg2 48. N6e4 Rh2 49. Kc3 Rh4 50. Kd4 Rh8 51. Nd3 Rd8+ 52. Kc3 Rh8 53. b4 Rh3 54. Nf6 Rh4 (54... Kc7 $142 55. Kd4 Rh2) 55. Nd5 Rg4 56. c5 Rh4 57. N5f4 Kc7 58. Ne6+ Kb8 59. Nd4 Kc7 60. Nf5 (60. Nf4 $142 Kd7 61. Nfe6) 60... Re4 $2 (60... Rh5 {is tougher.}) 61. Nd6 Rh4 62. Ne5 (62. b5 $142 axb5 63. Ne5 (63. Nxb5+ Kc6 $18)) 62... Rh3+ (62... Rh5 {might work better.}) 63. Kc4 Rh4+ $2 (63... Rh5) 64. Kb3 Rh3+ (64... Rh5 $142 65. Ndc4 Rh1) 65. Ka4 Rh2 66. Nec4 $2 (66. Ndc4 Rh1 67. b5 axb5+ 68. Kxb5) 66... Rh3 $2 (66... Rh5 67. Nf7 Kc6 68. Nd8+ Kc7) 67. Ka5 $2 (67. b5 axb5+ 68. Nxb5+ Kd7 69. Nbd6) 67... Rb3 $2 (67... Rh5 68. Ka4 Rg5) 68. b5 axb5 69. Nxb5+ Kb8 70. Kb6 $2 (70. Nc3 $18 {And now Ka4 would win.} Kc7 71. Nb5+ (71. Ka4 Rxb2 72. Nxb2 Kc6 $14) 71... Kb8 72. Nc3) 70... Rb4 $11 {The position is equal.} 71. b3 Rxb3 72. Ncd6 Rb1 73. Ne4 (73. c6 {feels hotter.} bxc6 74. Kxc6) 73... Rb4 74. Nec3 Rb2 75. Ka5 Rb3 76. Ka4 Rb2 $1 77. Ka3 Rh2 78. Nd5 Rh5 79. Nbc3 Rh4 80. Kb3 Rd4 81. Nb6 Rh4 82. Nc4 Kc7 83. Na5 Rh3 84. Nc4 Kc6 85. Kb4 Rxc3 86. Kxc3 {Kb4 would kill now.} Kxc5 {Blacks defense is rewarded with a draw. Accuracy: White = 76%, Black = 57%.} 1/2-1/2

[Event "WSTCC-50 2020"]
[Site "Prague"]
[Date "2020.03.12"]
[Round "7.34"]
[White "Sirotkina, Nina"]
[Black "Hosticka, Frantisek"]
[Result "1/2-1/2"]
[WhiteElo "2183"]
[BlackElo "2096"]
[Annotator "ChessBase"]
[PlyCount "82"]
[EventDate "2020.03.06"]
[EventType "team-tourn"]
[EventCountry "CZE"]
[SourceTitle "playchess.com"]
[Source "ChessBase"]
[SourceQuality "1"]
[TimeControl "40/5400+30:1800+30"]

1. d4 {[%emt 0:00:00]} d6 {[%emt 0:00:00]} 2. Bf4 {[%emt 0:02:28]} Bg4 {[%emt 0:01:15]} 3. h3 {[%emt 0:05:22]} Bh5 {[%emt 0:01:34]} 4. Nd2 {[%emt 0:06:59]} Nf6 {[%emt 0:01:43]} 5. Ngf3 {[%emt 0:00:41]} e6 {[%emt 0:02:33]} 6. e3 {[%emt 0:06:42]} Be7 {[%emt 0:01:09]} 7. Be2 {[%emt 0:00:41]} O-O {[%emt 0:00:30]} 8. O-O {[%emt 0:08:42]} Nbd7 9. c3 Nb6 {[%emt 0:08:14]} 10. a4 {[%emt 0:02:01]} a5 {[%emt 0:00:48]} 11. Re1 {[%emt 0:02:38]} Re8 {[%emt 0:04:59]} 12. e4 {[%emt 0:03:43]} d5 {[%emt 0:01:19]} 13. e5 {[%emt 0:06:07]} Nfd7 {[%emt 0:02:39]} 14. Nb3 {[%emt 0:07:21]} Nc4 {[%emt 0:05:50]} 15. Ra2 {[%emt 0:09:07]} Bg6 {[%emt 0:04:49]} 16. Nc1 {[%emt 0:03:59]} c5 {[%emt 0:02:02]} 17. Nd3 {[%emt 0:01:14]} cxd4 {[%emt 0:01:00]} 18. cxd4 {[%emt 0:00:41]} Rc8 {[%emt 0:03:25]} 19. b3 {[%emt 0:01:12]} Ncb6 {[%emt 0:01:05]} 20. Bd2 {[%emt 0:00:51]} Na8 {[%emt 0:01:14]} 21. Nf4 {[%emt 0:00:46]} Nb8 {[%emt 0:06:50]} 22. Nxg6 {[%emt 0:01:11]} hxg6 {[%emt 0:01:02]} 23. Bb5 {[%emt 0:01:25]} Nc6 {[%emt 0:01:27]} 24. Qb1 {[%emt 0:08:30]} Rf8 {[%emt 0:02:11]} 25. Rc2 {[%emt 0:01:30]} Qb6 {[%emt 0:02:58]} 26. Qb2 {[%emt 0:02:36]} Nc7 {[%emt 0:02:18]} 27. Bxc6 {[%emt 0:09:18]} bxc6 {[%emt 0:00:26]} 28. Qc3 {[%emt 0:00:42]} Na8 {[%emt 0:03:47]} 29. Qxa5 {[%emt 0:02:53]} Qxb3 {[%emt 0:00:27]} 30. Rcc1 {[%emt 0:01:14]} Qb6 {[%emt 0:03:56]} 31. Qc3 {[%emt 0:01:58]} c5 {[%emt 0:01:09]} 32. a5 {[%emt 0:00:26]} Qa6 {[%emt 0:00:24]} 33. Rb1 cxd4 {[%emt 0:01:47]} 34. Qxd4 {[%emt 0:01:36]} Rc4 {[%emt 0:00:31]} 35. Qb2 Bc5 36. Rbc1 {[%emt 0:01:25]} Qa7 {[%emt 0:02:18]} 37. Rf1 {[%emt 0:00:29]} Rb8 {[%emt 0:00:53]} 38. Qa1 Re4 {[%emt 0:10:58]} 39. Qc3 {[%emt 0:01:36]} Rc4 40. Qa1 {[%emt 0:00:00]} Re4 {[%emt 0:00:00]} 41. Qc3 {[%emt 0:07:08]} Rc4 1/2-1/2

[Event "WSTCC-50 2020"]
[Site "Prague"]
[Date "2020.03.12"]
[Round "7.35"]
[White "Strnad, Josef"]
[Black "Bogumil, Tatiana"]
[Result "0-1"]
[WhiteElo "1860"]
[BlackElo "2182"]
[Annotator "ChessBase"]
[PlyCount "130"]
[EventDate "2020.03.06"]
[EventType "team-tourn"]
[EventCountry "CZE"]
[SourceTitle "playchess.com"]
[Source "ChessBase"]
[SourceQuality "1"]
[TimeControl "40/5400+30:1800+30"]

1. Nf3 {[%emt 0:00:00]} Nf6 {[%emt 0:00:12]} 2. d4 {[%emt 0:00:00]} g6 {[%emt 0:05:42]} 3. c4 {[%emt 0:00:13]} Bg7 {[%emt 0:00:22]} 4. Nc3 {[%emt 0:00:28]} d6 {[%emt 0:04:49]} 5. Bf4 {[%emt 0:02:37]} Nh5 {[%emt 0:09:34]} 6. Bg5 {[%emt 0:04:37]} h6 {[%emt 0:00:45]} 7. Bd2 {[%emt 0:00:30]} O-O {[%emt 0:02:21]} 8. e4 {[%emt 0:02:37]} Nc6 {[%emt 0:18:00]} 9. Be3 {[%emt 0:02:03]} Kh7 {[%emt 0:05:39]} 10. Be2 {[%emt 0:01:35]} Bd7 {[%emt 0:10:55]} 11. Qd2 {[%emt 0:01:50]} Nf6 {[%emt 0:02:25]} 12. h3 {[%emt 0:00:19]} Ng8 {[%emt 0:00:46]} 13. d5 {[%emt 0:05:31]} Ne5 {[%emt 0:01:04]} 14. Nd4 {[%emt 0:01:13]} c5 {[%emt 0:00:58]} 15. dxc6 {[%emt 0:01:09]} Nxc6 {[%emt 0:00:46]} 16. O-O {[%emt 0:01:08]} Qc8 {[%emt 0:06:59]} 17. Rac1 {[%emt 0:10:16]} b6 {[%emt 0:04:37]} 18. f4 {[%emt 0:03:12]} Rd8 {[%emt 0:04:06]} 19. Bf3 {[%emt 0:01:33]} Rb8 {[%emt 0:02:54]} 20. Nxc6 {[%emt 0:04:28]} Bxc6 {[%emt 0:00:05]} 21. Qe2 {[%emt 0:00:19]} Qb7 {[%emt 0:01:33]} 22. Bf2 {[%emt 0:00:54]} Nf6 {[%emt 0:02:03]} 23. Bg3 {[%emt 0:07:36]} Nd7 {[%emt 0:00:28]} 24. e5 {[%emt 0:02:37]} Bxf3 {[%emt 0:00:16]} 25. Rxf3 {[%emt 0:00:13]} f5 {[%emt 0:05:00]} 26. exf6 {[%emt 0:00:56]} Nxf6 {[%emt 0:00:27]} 27. Re1 {[%emt 0:03:50]} Qc6 {[%emt 0:03:13]} 28. Kf1 {[%emt 0:06:55]} Rb7 {[%emt 0:00:32]} 29. Qe6 {[%emt 0:02:28]} Rc8 {[%emt 0:00:36]} 30. b3 {[%emt 0:00:28]} Qd7 {[%emt 0:02:24]} 31. Qe2 {[%emt 0:05:02]} Qf5 {[%emt 0:00:28]} 32. Bh2 {[%emt 0:00:39]} h5 {[%emt 0:00:09]} 33. Nb5 {[%emt 0:01:29]} Ng8 {[%emt 0:01:03]} 34. Rd1 {[%emt 0:02:31]} a6 {[%emt 0:00:34]} 35. Na3 {[%emt 0:00:44]} Nf6 {[%emt 0:01:51]} 36. Nc2 {[%emt 0:00:44]} Ng8 {[%emt 0:01:13]} 37. Ne3 {[%emt 0:00:37]} Qe4 {[%emt 0:01:01]} 38. g4 {[%emt 0:02:42]} Rf8 {[%emt 0:00:39]} 39. f5 {[%emt 0:01:45]} gxf5 {[%emt 0:00:31]} 40. gxf5 {[%emt 0:00:00]} Bh6 {[%emt 0:00:00]} 41. Nd5 {[%emt 0:07:25]} Qxe2+ {[%emt 0:02:06]} 42. Kxe2 {[%emt 0:00:04]} Nf6 {[%emt 0:01:06]} 43. Nf4 {[%emt 0:02:21]} Bxf4 {[%emt 0:04:38]} 44. Rxf4 {[%emt 0:09:05]} Rg8 {[%emt 0:00:23]} 45. Kf3 {[%emt 0:01:19]} b5 {[%emt 0:02:30]} 46. Rd2 {[%emt 0:11:24]} bxc4 {[%emt 0:00:17]} 47. Rxc4 {[%emt 0:00:51]} Rb5 {[%emt 0:05:19]} 48. Kf4 {[%emt 0:06:43]} Kh6 {[%emt 0:02:05]} 49. Re2 {[%emt 0:03:07]} Rg5 50. Re6 {[%emt 0:06:35]} Rgxf5+ {[%emt 0:06:10]} 51. Ke3 {[%emt 0:01:32]} Rb7 {[%emt 0:00:19]} 52. Bf4+ {[%emt 0:04:04]} Kg7 {[%emt 0:00:33]} 53. Bxd6 {[%emt 0:01:40]} exd6 {[%emt 0:01:05]} 54. Rxd6 {[%emt 0:00:02]} Re7+ {[%emt 0:00:32]} 55. Kd4 {[%emt 0:00:42]} Re4+ {[%emt 0:01:46]} 56. Kc3 {[%emt 0:00:24]} Re3+ {[%emt 0:01:02]} 57. Kb4 {[%emt 0:00:25]} a5+ {[%emt 0:00:44]} 58. Ka4 {[%emt 0:00:39]} Rxh3 {[%emt 0:03:24]} 59. Ra6 {[%emt 0:00:49]} Rh2 {[%emt 0:01:22]} 60. a3 {[%emt 0:00:22]} Ra2 {[%emt 0:01:03]} 61. b4 {[%emt 0:01:13]} axb4 {[%emt 0:00:12]} 62. Rxb4 {[%emt 0:00:18]} Kg6 {[%emt 0:01:46]} 63. Kb3 {[%emt 0:00:11]} Raf2 {[%emt 0:01:08]} 64. a4 {[%emt 0:00:49]} Kg5 {[%emt 0:00:42]} 65. Rb5 {[%emt 0:00:45]} h4 {[%emt 0:00:38]} 0-1

[Event "WSTCC-50 2020"]
[Site "Prague"]
[Date "2020.03.12"]
[Round "7.36"]
[White "Titorenko, Natalia I"]
[Black "Kalvach, Ladislav"]
[Result "1/2-1/2"]
[WhiteElo "2113"]
[BlackElo "1773"]
[Annotator "TA"]
[PlyCount "125"]
[EventDate "2020.03.06"]
[EventType "team-tourn"]
[EventCountry "CZE"]
[SourceTitle "playchess.com"]
[Source "ChessBase"]
[SourceQuality "1"]

{[%evp 18,125,35,0,27,0,29,26,27,20,45,31,32,41,52,0,11,-60,-60,-88,-65,-62,-45,-72,-61,-171,-24,-29,29,-9,10,-18,-17,-40,-23,-16,0,-16,25,-5,0,-23,0,0,0,0,164,167,194,117,117,120,120,104,138,138,282,154,159,115,120,117,127,50,53,64,229,164,281,204,195,162,179,175,165,175,151,144,178,157,249,135,159,116,121,114,105,106,110,95,104,0,0,-18,45,0,39,39,39,0,0,0,0,0,0,0,0,0,0,0]} 1. Nf3 Nf6 2. g3 b6 3. Bg2 Bb7 4. O-O e6 5. c4 c5 6. Nc3 Be7 7. b3 O-O 8. Bb2 Nc6 9. e3 d5 10. d3 a6 {A14: English Opening: 1...e6 with b3 by White.} 11. Qe2 Qc7 12. cxd5 exd5 {White has an edge.} 13. Rac1 b5 14. Nh4 {[#]} Rfd8 $146 ({Predecessor:} 14... Qd7 15. Rfd1 Rfe8 16. Qf1 Rad8 17. Ne2 g5 18. Nf3 Qf5 19. h3 Nd7 20. g4 Qe6 {1-0 (42) Tosic,M (2425)-Vucic,M (2395) Kladovo 1989}) 15. Nf5 Bf8 16. Nb1 (16. Nxd5 $14 Rxd5 17. Nh6+ $1 {[%mdl 512]} gxh6 18. Bxd5) 16... d4 17. e4 (17. exd4 $11 Qd7 18. d5) 17... g6 18. Nh4 Re8 19. Nd2 Rad8 20. Rfe1 Bc8 21. Qf1 (21. a3 $15) 21... Ng4 (21... Qa5 $19 22. Nhf3 Qxa2) 22. h3 Nh6 (22... Nf6 $142) 23. Nhf3 f6 24. a3 Qb6 25. Re2 Rd7 26. Ne1 a5 27. f4 Nf7 28. Nef3 (28. e5 $5 fxe5 29. Ne4 $11) 28... Nd6 29. Ba1 b4 30. a4 Ba6 31. Ne1 c4 $2 (31... Rde7 $11 {and Black has nothing to worry.}) 32. bxc4 $18 {Black must now prevent c5.} (32. dxc4 $6 Nf5 $14) 32... Nb7 {[#]} 33. Nb3 (33. e5 $1 $18 {[%mdl 512] Strongly threatening Ne4.} fxe5 34. Bd5+ Kh8 35. Nef3) 33... Nc5 $16 34. Nxc5 Bxc5 35. Kh2 b3 36. Rb1 Qb4 (36... Bb7 $16 37. Reb2 Nb4) 37. Reb2 (37. e5 $18 Qxa4 38. exf6) 37... Qxa4 38. Rxb3 Nb4 39. Qe2 Rde7 40. Nc2 (40. Nf3 $16) 40... Nxc2 $14 41. Qxc2 Rd8 $2 (41... Rb7 $1 $14) 42. Qf2 Ba7 (42... Qe8 {was necessary.} 43. Re1 a4) 43. Qd2 Bc5 44. R3b2 Bb4 45. Qf2 {Threatens to win with Ra2.} ({Don't do} 45. Rxb4 $6 axb4 46. Qxb4 Qxb4 $14) 45... Qd7 46. Ra2 {aiming for Rxb4!} Bb7 47. Bb2 Ree8 48. Ba3 Bc3 (48... Bxa3 $16 49. Rxa3 a4) 49. Bc1 (49. h4 $18) 49... Bc6 $16 50. Qc2 Rb8 51. Bd2 {Rxb8 is the strong threat.} Bxd2 52. Rxb8 Rxb8 53. Qxd2 a4 54. Bf3 ({White should play} 54. e5 $16) 54... Qb7 55. Bd1 Qa7 ({Black should try} 55... Qb1 $11) 56. Bc2 a3 57. Qc1 Ra8 58. Bb3 {next c5+ is good for White.} Qc5 {The position is equal.} 59. Bd1 Kg7 60. g4 g5 61. fxg5 fxg5 62. Kg2 Kg6 63. Bf3 {White really could win this. Accuracy: White = 56%, Black = 58%.} 1/2-1/2

[Event "WSTCC-50 2020"]
[Site "Prague"]
[Date "2020.03.12"]
[Round "7.37"]
[White "Kozak, Milos"]
[Black "Matveeva, Svetlana"]
[Result "0-1"]
[WhiteElo "2174"]
[BlackElo "2375"]
[Annotator "TA"]
[PlyCount "50"]
[EventDate "2020.03.06"]
[EventType "team-tourn"]
[EventCountry "CZE"]
[SourceTitle "playchess.com"]
[Source "ChessBase"]
[SourceQuality "1"]

{[%evp 22,50,21,9,30,0,15,-6,29,24,33,-26,-29,-20,-18,-59,-33,-25,0,-76,-57,-84,-46,-48,-71,-79,-52,-116,0,-145,-141]} 1. Nf3 Nf6 2. d4 g6 3. c4 Bg7 4. g3 O-O 5. Bg2 d6 6. Nc3 Nbd7 7. O-O e5 8. e4 exd4 9. Nxd4 Re8 10. h3 Nc5 11. Re1 Bd7 $1 {[%mdl 4] is currently scoring better than 11...a5.} 12. Kh2 a6 {E68: King's Indian: Fianchetto: 6...Nbd7 7 0-0 e5 8 e4.} 13. a4 a5 14. Ndb5 Qc8 {[#] The position is equal.} 15. f3 $146 ({Predecessor:} 15. Bf4 Bc6 16. Qc2 Ne6 17. Be3 Nd7 18. Rad1 Ndc5 19. Nd5 Na6 20. f4 Qb8 21. Qf2 Bxd5 22. cxd5 {½-½ (56) Huzman,A (2602)-Dyachkov,S (2553) Moscow 2009}) 15... Be6 16. Nd5 (16. b3 $14) 16... Nxd5 $1 $11 17. cxd5 Bd7 18. Qc2 f5 (18... Bxb5 $5 19. axb5 Qd7 $15) 19. Be3 b6 20. Nd4 (20. Bxc5 $1 $11 {remains equal.} bxc5 21. exf5) 20... fxe4 $17 21. fxe4 Re5 22. h4 Qe8 {[%cal Rd7a4]} 23. Bf4 Bxa4 24. b3 {[#]} (24. Qd2 $15) 24... Re7 (24... Bd7 $1 $17 {Strongly threatening ...Rh5.} 25. Rad1 Re7) 25. bxa4 (25. Rxa4 $11 Nxa4 26. Nc6) 25... Bxd4 {Accuracy: White = 46%, Black = 54%.} 0-1

[Event "WSTCC-50 2020"]
[Site "Prague"]
[Date "2020.03.12"]
[Round "7.38"]
[White "Grabuzova, Tatiana"]
[Black "Bartos, Jan"]
[Result "1-0"]
[WhiteElo "2272"]
[BlackElo "2102"]
[Annotator "ChessBase"]
[PlyCount "79"]
[EventDate "2020.03.06"]
[EventType "team-tourn"]
[EventCountry "CZE"]
[SourceTitle "playchess.com"]
[Source "ChessBase"]
[SourceQuality "1"]
[TimeControl "40/5400+30:1800+30"]

1. d4 {[%emt 0:00:00]} Nf6 {[%emt 0:00:00]} 2. c4 {[%emt 0:00:00]} e6 {[%emt 0:00:00]} 3. g3 {[%emt 0:00:00]} d5 {[%emt 0:00:00]} 4. Bg2 {[%emt 0:00:00]} dxc4 {[%emt 0:00:00]} 5. Nf3 {[%emt 0:00:04]} c5 {[%emt 0:00:08]} 6. O-O {[%emt 0:00:23]} Nc6 {[%emt 0:01:57]} 7. dxc5 {[%emt 0:00:19]} Qxd1 {[%emt 0:00:05]} 8. Rxd1 {[%emt 0:00:06]} Bxc5 {[%emt 0:00:07]} 9. Nbd2 {[%emt 0:00:18]} c3 {[%emt 0:00:10]} 10. bxc3 {[%emt 0:00:05]} O-O {[%emt 0:00:09]} 11. Ne1 {[%emt 0:09:21]} Bd7 {[%emt 0:04:14]} 12. Nd3 {[%emt 0:04:22]} Be7 {[%emt 0:00:55]} 13. Bb2 {[%emt 0:04:50]} Rfd8 {[%emt 0:01:00]} 14. Nb3 {[%emt 0:01:49]} b6 {[%emt 0:01:17]} 15. a4 {[%emt 0:02:19]} Rab8 {[%emt 0:11:40]} 16. a5 {[%emt 0:15:20]} Nxa5 {[%emt 0:02:00]} 17. Nxa5 {[%emt 0:00:11]} bxa5 {[%emt 0:00:09]} 18. Rxa5 {[%emt 0:00:08]} Bb5 {[%emt 0:00:31]} 19. Rxa7 {[%emt 0:12:19]} Bc5 {[%emt 0:02:44]} 20. Ra5 {[%emt 0:01:14]} Bxd3 {[%emt 0:03:41]} 21. Rxd3 {[%emt 0:02:50]} Bxf2+ {[%emt 0:04:38]} 22. Kf1 {[%emt 0:00:59]} Bb6 {[%emt 0:02:03]} 23. Rb5 {[%emt 0:20:27]} Rxd3 {[%emt 0:20:41]} 24. exd3 {[%emt 0:00:10]} Ng4 {[%emt 0:00:06]} 25. Bh3 {[%emt 0:14:44]} Nf2 {[%emt 0:03:20]} 26. Ba3 {[%emt 0:00:46]} Nxh3 {[%emt 0:08:05]} 27. Bd6 {[%emt 0:00:25]} Rb7 {[%emt 0:04:16]} 28. Bc5 {[%emt 0:02:15]} Bxc5 {[%emt 0:00:08]} 29. Rxb7 {[%emt 0:00:04]} Bf8 {[%emt 0:10:00]} 30. Kg2 {[%emt 0:00:58]} Ng5 {[%emt 0:00:14]} 31. h4 {[%emt 0:00:04]} h6 {[%emt 0:00:18]} 32. hxg5 {[%emt 0:00:05]} hxg5 {[%emt 0:00:04]} 33. d4 {[%emt 0:00:32]} g6 {[%emt 0:00:59]} 34. c4 {[%emt 0:01:17]} Bg7 {[%emt 0:00:20]} 35. Rb8+ {[%emt 0:00:29]} Kh7 {[%emt 0:00:05]} 36. Rd8 {[%emt 0:00:05]} Bf6 {[%emt 0:00:11]} 37. Rd7 {[%emt 0:01:14]} Kg7 {[%emt 0:00:04]} 38. c5 {[%emt 0:00:06]} Kf8 {[%emt 0:00:06]} 39. c6 {[%emt 0:00:07]} Ke8 {[%emt 0:00:09]} 40. Rb7 {[%emt 0:00:00]} 1-0